000 00257nam a22001217a 4500
008 181102b xxu||||| |||| 00| 0 eng d
041 _aeng
080 _a611.085
100 _a9
101 _aHIS
245 _aHuman Histology
_cArey,L.B
942 _2udc
_cBK
999 _c51666
_d51666